[Event "Terrassa op-B"]
[Site "Terrassa"]
[Date "1996.??.??"]
[Round "4"]
[White "Oliveras Simo, J."]
[Black "Aguayo Tejada, Marco Antonio"]
[Result "1/2-1/2"]
[WhiteElo "2000"]
[BlackElo "1800"]
[PlyCount "54"]
[EventDate "1996.07.??"]
[EventType "swiss"]
[EventRounds "9"]
[EventCountry "ESP"]
[SourceTitle "EXT 2002"]
[Source "ChessBase"]
[SourceDate "2001.11.25"]
[SourceVersion "1"]
[SourceVersionDate "2001.11.25"]
[SourceQuality "1"]

1. e4 c5 2. b3 Nc6 3. Bb2 d6 4. g3 Nf6 5. Bg2 e5 6. d3 Be7 7. Nd2 0-0 8. Qe2 Be6 9. h4 h5 10. Bh3 Bxh3 11. Nxh3 Nd4 12. Bxd4 cxd4 13. f4 Ng4 14. Nf2 Ne3 15. Qxh5 Nxc2+ 16. Ke2 Nxa1 17. Rxa1 g6 18. Qh6 Bf6 19. f5 Bg7 20. Qg5 Qxg5 21. hxg5 f6 22. fxg6 fxg5 23. Ng4 Rac8 24. a4 Rc3 25. Rh1 Rc6 26. Rh5 Bf6 27. Rh7 Bg7 1/2-1/2